Civilek a városi politikában négy szegedi egyesület indul az őszi választáson /

Elmentve itt :
Bibliográfiai részletek
Szerző: Nyemcsok Éva
Dokumentumtípus: Cikk
Megjelent: 2006-08-17
Sorozat:Délmagyarország 96 No. 192
Kulcsszavak:Egyesületek civil, Szegedért Egyesület (Szeged), Együtt Szegedért Egyesület (Szeged), Független Városi Szövetség - Magyar Egyesület (Szeged), Független Civil Fórum Egyesület (Szeged)
Online Access:http://dmarchiv.bibl.u-szeged.hu/136733
LEADER 00689nab a2200157 i 4500
001 delm136733
005 20191212120051.0
008 191212s2006 hu o 0|| hun d
040 |a SZTE Délmagyarország Archívum  |b hun 
041 |a hun 
100 1 |a Nyemcsok Éva 
245 1 0 |a Civilek a városi politikában   |h [elektronikus dokumentum] :  |b négy szegedi egyesület indul az őszi választáson /  |c  Nyemcsok Éva 
260 |c 2006-08-17 
300 |a 5 
490 0 |a Délmagyarország  |v 96 No. 192 
695 |a Egyesületek civil, Szegedért Egyesület (Szeged), Együtt Szegedért Egyesület (Szeged), Független Városi Szövetség - Magyar Egyesület (Szeged), Független Civil Fórum Egyesület (Szeged)